000 00214 a2200097 4500
001 1199
100 _aCaro, D
245 _aElectrical measureements and calculation
260 _a
_bMacdonald
_c
090 _c761
_d761
942 _aNUST-CAE
_cM
_c34278
999 _c236272
_d236272